000 00721nam a2200217Ii 4500
003 JO-AjNU
008 230606s9999||||xx |||||||||||||| ||und||
020 _a978-0-19-432755-8
040 _aJO-AjNU
_beng
_erda
_cJO-AjNU
041 _aeng
050 1 4 _aPE1460.C4855 2003
100 3 _aتأليف Clark ,Stewart;م.مشاركGraham,Pointon,
_eauthor
_92044
245 0 0 _aWord for Word :Make the right choice,Get the right meaning
250 _a1 ed
264 3 1 _aNew York:Oxford University Press, 2003
300 _a250p
336 _atext
_btxt
_2rdacontent
337 _aunmediated
_bn
_2rdamedia
338 _avolume
_bnc
_2rdacarrier
650 4 _aWord for Word -Make the right choice-Get the right meaning
_92045
999 _aE1074
_c1074
_d1074